000 00242nam a2200097Ia 4500
008 190216s9999||||xx |||||||||||||| ||und||
100 _aSachedara
245 0 _a"Bank Probationary Officers,Trainee Officers Exam"
260 _bNull
942 _cREF
999 _c35661
_d35661